000 00848nam a22002537a 4500
001 BR2016000793
003 BR-BrBNA
005 20230928104806.0
007 ta
008 230509b bl.||||| |||| 00| 0 por d
040 _aBR-BrBNA
_bpor
_cBiblioteca Nacional de Agricultura
041 _a(Por)
072 _aD50; P01
090 _ D50 BR2016000793
100 1 _aPereira, H.
110 1 _aCâmara dos Deputados, Brasília, DF (Brasil). Centro de Documentação e Informação
_91315
245 1 _aNovo código florestal lei nº 12.651/2012
_b54. Legislatura, 3ª Sessão Legislativa; Separatas de Discursos, Pareceres e Projetos Nº 90/2011
260 3 _aBrasília, DF (Brasil):
_c2013.
300 _a114 p.
650 _aLEGISLAÇÃO FLORESTAL
650 _aPROTEÇÃO AMBIENTAL
909 _a202309
_bLucia
_c55
_dLucia Elande
942 _cBK
999 _c81779
_d81779